| 000 | 00615nam a22002177a 4500 | ||
|---|---|---|---|
| 001 | 00028722 | ||
| 005 | 20260408082928.0 | ||
| 008 | 260408b ag ||||| |||| 00| 0 spa d | ||
| 020 | _a9509314048 | ||
| 040 |
_aAR-CcCEOS _bspa _cAR-CcCEOS |
||
| 041 | _aspa | ||
| 080 | _a840-4 | ||
| 090 | _bMIL | ||
| 100 | 1 |
_aMillot, Catherine _91030 |
|
| 245 |
_aExsexo : _bEnsayo sobre el transexualismo / _cCatherine Millot |
||
| 250 | _a1ª ed. | ||
| 264 |
_aArgentina : _bCatalogos, _cc1984. |
||
| 300 |
_a142 p. ; _c24x15 cm. |
||
| 655 | 0 |
_apsicología _vpsiconoanalisis _9124 _censayo _xsexualismo |
|
| 942 |
_2udc _cBK _n0 |
||
| 999 |
_c28756 _d28756 |
||